000 00536nam a2200181Ia 4500
005 20250326141218.0
008 250326s9999 xx 000 0 und d
037 _aTextbook
040 _aFMSL
_beng
_cFMSL
041 _aeng
_2eng
084 _qFMSL
100 _aSinghania V K
245 0 _aDirect taxes ready reckoner with last ten years tax tables and yearly tax planning, 1995-96
_cSinghania V K
260 _aNew Delhi
_bNew Delhi, Taxman Publication
_c1995
300 _a973p
942 _cTB
999 _c1289246
_d1289246